| 000 | 00459nam a2200169Ia 4500 | ||
|---|---|---|---|
| 999 |
_c31051 _d31051 |
||
| 003 | OSt | ||
| 005 | 20200728113324.0 | ||
| 008 | 190216s9999||||xx |||||||||||||| ||und|| | ||
| 040 | _coclc | ||
| 082 |
_a510 _bPIL/M |
||
| 100 |
_aPillay, Janardhanan _9533 |
||
| 245 | 0 |
_aMathematics / _cJanardhanan Pillay |
|
| 260 |
_bAjith Book Center, _c1982. |
||
| 300 | _a166p | ||
| 650 | _aMathematics | ||
| 942 |
_cBK _2ddc _h510 _iPIL/M _k510 _mPIL/M |
||